A-Z Foods #1 - Statistics

General Stats
  • This quiz has been taken 148 times
  • The average score is 15 of 26
Answer Stats
# Hint Answer % Correct
A A red/ green fruit that is associated with teachers Apple
100%
B Curved, yellow fruit Banana
97%
E Chickens lay them Eggs
91%
H Bees make it Honey
88%
I A sweet dessert that's made from cream Ice Cream
86%
L Sour, yellow fruit Lemon
86%
O Also a colour Orange
85%
G Purple or green fruit that dogs cannot eat Grapes
81%
T Like a mandarin, but bigger Tangerine
75%
Y Sweet Potato Yam
72%
N A stone fruit like a peach Nectarine
69%
P Dark purple stone fruit Plum
66%
W Green fruit that has red flesh and black or white seeds Watermelon
66%
S Red fruit with roughly 200 seeds Strawberry
64%
Z Vegetable that is actually a fruit. Also called a courgette Zucchini
63%
D Stinky, green fruit Durian
59%
J Spiky green fruit with yellow insides. Not durian Jackfruit
47%
R Spicy red vegetable that is like a daikon Radish
43%
C Small, yellow grains of rice that is a middle-eastern delicacy Couscous
41%
Q Violet vegetable also used as a grain Quinoa
41%
F Goose liver Foie Gras
33%
V Named after ''vaina'' meaning little pod Vanilla
32%
X Gum used to thicken things Xanthan Gum
21%
U A Jamaican tangelo Ugli Fruit
12%
K Bland white vegetable that is used as extra flavour Kohlrabi
8%
M Brown vegetable with a long brown stem Maca
2%
No matching quizzes found
Score Distribution
Percent of People with Each Score
Percentile by Number Answered
Your Score History
You have not taken this quiz